[Event "European Women-ch 2023"]
[Site "Petrovac"]
[Date "2023.03.21"]
[Round "4.16"]
[White "Dwilewicz, Katarzyna"]
[Black "Humbatova, Nazli"]
[Result "1-0"]
[WhiteElo "2114"]
[BlackElo "1737"]
[Annotator "TA"]
[PlyCount "107"]
[EventDate "2023.03.15"]
[EventType "swiss"]
[EventCountry "MNE"]
[SourceTitle "playchess.com"]
[Source "ChessBase"]
[SourceQuality "1"]

1. e4 e6 2. d4 d5 3. Bd3 c5 4. exd5 exd5 5. Nf3 c4 6. Be2 Bd6 7. O-O Nf6 8. b3 cxb3 9. axb3 O-O 10. c4 dxc4 11. bxc4 Nc6 12. Bg5 Re8 13. Nc3 h6 14. Bh4 g5 15. d5 gxh4 16. dxc6 bxc6 17. Qd2 Bb4 18. Qxd8 Rxd8 19. Na2 Bc5 20. Nxh4 Rd2 21. Nc1 Bg4 22. Nb3 Bxe2 23. Nxd2 Bxf1 24. Kxf1 Bd4 25. Ra6 Bb6 26. Nf5 Rd8 27. Ke2 Ng4 28. Ne4 Re8 29. Kd3 Rd8+ 30. Kc2 Nxf2 31. Nxf2 Bxf2 32. Nxh6+ Kg7 33. Rxc6 f6 34. Nf5+ Kg6 35. Nd6 Bg1 36. h3 Be3 37. Kd3 Bf4 38. c5 Rd7 39. Ke4 Be5 40. Kd5 Rd8 41. Rc8 Rxc8 42. Nxc8 a5 43. Nb6 Kg5 44. Ke6 Kf4 45. g4 Kg5 46. c6 Bg3 47. Na4 Bh2 48. Nc5 Bf4 49. Ne4+ Kh4 50. Kxf6 a4 51. Nc3 a3 52. Kf5 Bc7 53. g5 Kxh3 54. g6 1-0

[Event "European Women-ch 2023"]
[Site "Petrovac"]
[Date "2023.03.21"]
[Round "4.17"]
[White "Sargsyan, Anna M."]
[Black "Lach, Aleksandra"]
[Result "1-0"]
[WhiteElo "2371"]
[BlackElo "2170"]
[Annotator "TA"]
[PlyCount "67"]
[EventDate "2023.03.15"]
[EventType "swiss"]
[EventCountry "MNE"]
[SourceTitle "playchess.com"]
[Source "ChessBase"]
[SourceQuality "1"]

1. e4 c5 2. Nf3 d6 3. d4 cxd4 4. Nxd4 Nf6 5. Nc3 g6 6. Be3 Bg7 7. f3 a6 8. Qd2 h5 9. h3 Nbd7 10. O-O-O Qc7 11. f4 b5 12. f5 Ne5 13. fxg6 Nxg6 14. Kb1 Bd7 15. Bd3 Ne5 16. Bg5 b4 17. Nce2 Qb7 18. Ng3 e6 19. Rhf1 h4 20. Bxf6 Bxf6 21. Rxf6 hxg3 22. Nf3 Bc6 23. Nxe5 dxe5 24. Rdf1 O-O-O 25. Rxf7 Qb6 26. Qg5 Qd4 27. Qe7 Bd7 28. Rd1 Rhe8 29. Bxa6+ Kc7 30. Qxd7+ Rxd7 31. Rxd7+ Kb6 32. R1xd4 exd4 33. Be2 Rf8 34. Bf3 1-0

[Event "European Women-ch 2023"]
[Site "Petrovac"]
[Date "2023.03.21"]
[Round "4.17"]
[White "Spalir, Monika"]
[Black "Bakalarz, Grazyna"]
[Result "1-0"]
[WhiteElo "2125"]
[BlackElo "1847"]
[Annotator "TA"]
[PlyCount "83"]
[EventDate "2023.03.15"]
[EventType "swiss"]
[EventCountry "MNE"]
[SourceTitle "playchess.com"]
[Source "ChessBase"]
[SourceQuality "1"]

1. e4 e5 2. Nf3 Nf6 3. Nxe5 Nxe4 4. Qe2 Qe7 5. Qxe4 d6 6. Nc3 Qxe5 7. Qxe5+ dxe5 8. Bc4 Bc5 9. d3 O-O 10. Be3 Bxe3 11. fxe3 c6 12. O-O b5 13. Bb3 Be6 14. Bxe6 fxe6 15. Rxf8+ Kxf8 16. Ne4 Ke7 17. a4 b4 18. a5 Na6 19. Kf2 Rb8 20. Ke2 Rb5 21. b3 Nc5 22. Nd2 a6 23. Nc4 Nb7 24. Kd2 Nc5 25. Ke2 Nb7 26. Ra2 Kf6 27. Ra4 Ke7 28. Ra1 Kf6 29. Kd2 Nc5 30. Nd6 Rb8 31. d4 exd4 32. exd4 Nb7 33. Ne4+ Ke7 34. Kd3 Rf8 35. Ra4 Rf5 36. Rxb4 Nxa5 37. Rb6 e5 38. b4 exd4 39. bxa5 Rxa5 40. Rxc6 Ra1 41. Rc7+ Kf8 42. Kxd4 1-0

[Event "European Women-ch 2023"]
[Site "Petrovac"]
[Date "2023.03.21"]
[Round "4.18"]
[White "Gaboyan, Susanna"]
[Black "Melia, Salome"]
[Result "1/2-1/2"]
[WhiteElo "2160"]
[BlackElo "2366"]
[Annotator "TA"]
[PlyCount "95"]
[EventDate "2023.03.15"]
[EventType "swiss"]
[EventCountry "MNE"]
[SourceTitle "playchess.com"]
[Source "ChessBase"]
[SourceQuality "1"]

1. e4 c5 2. Nc3 e6 3. Bc4 a6 4. a4 Ne7 5. d3 Nbc6 6. Nf3 d5 7. Bb3 d4 8. Ne2 g6 9. h4 h6 10. Ng3 Bg7 11. O-O O-O 12. e5 Qc7 13. Bf4 Nd5 14. Bxd5 exd5 15. Qd2 Kh7 16. e6 Qd8 17. exf7 Rxf7 18. h5 Qf6 19. hxg6+ Kxg6 20. Ne2 Bg4 21. Bg3 Bxf3 22. Nf4+ Kh7 23. gxf3 Qg5 24. Rad1 Ne5 25. Kg2 Nxf3 26. Kxf3 Be5 27. Rde1 Bxf4 28. Bxf4 Raf8 29. Ke2 Qh5+ 30. f3 Rxf4 31. Qa5 Rxf3 32. Rxf3 Rxf3 33. Kd2 Qh2+ 34. Kd1 Qd6 35. Qd2 b5 36. axb5 axb5 37. Qa5 Re3 38. Qa7+ Kg6 39. Rg1+ Rg3 40. Rf1 Qe6 41. Qxc5 h5 42. Qf8 h4 43. Re1 Qf7 44. Qd6+ Kh5 45. Qe5+ Kg6 46. Qd6+ Kh5 47. Qe5+ Kg6 48. Qd6+ 1/2-1/2

[Event "European Women-ch 2023"]
[Site "Petrovac"]
[Date "2023.03.21"]
[Round "4.18"]
[White "Aydin, Gulenay"]
[Black "Goriachkina, Oksana"]
[Result "1/2-1/2"]
[WhiteElo "2039"]
[BlackElo "1759"]
[Annotator "TA"]
[PlyCount "95"]
[EventDate "2023.03.15"]
[EventType "swiss"]
[EventCountry "MNE"]
[SourceTitle "playchess.com"]
[Source "ChessBase"]
[SourceQuality "1"]

1. e4 e6 2. d4 d5 3. Nd2 c5 4. Ngf3 cxd4 5. exd5 Qxd5 6. Bc4 Qd7 7. O-O a6 8. a4 Nc6 9. Nb3 Nf6 10. Qe2 Be7 11. Rd1 Qc7 12. Nbxd4 Nxd4 13. Rxd4 O-O 14. Bf4 Qb6 15. b3 Bd7 16. Rad1 Bc6 17. Ne5 Bc5 18. R4d3 Be4 19. R3d2 Bg6 20. Nxg6 hxg6 21. Bd6 Bxd6 22. Rxd6 Qc5 23. Qd3 Ng4 24. Qd4 Qxd4 25. R6xd4 Ne5 26. Be2 Rab8 27. f4 Nc6 28. Rd6 Rfd8 29. Bf3 Rxd6 30. Rxd6 Rd8 31. Rxd8+ Nxd8 32. a5 Kf8 33. Kf2 Ke7 34. Ke3 Kd6 35. Kd4 f6 36. Be4 g5 37. fxg5 fxg5 38. c4 e5+ 39. Kc3 Nc6 40. b4 Kc7 41. Bxc6 bxc6 42. Kd3 c5 43. b5 axb5 44. cxb5 g4 45. Kc4 e4 46. Kc3 Kb7 47. Kc4 Kc7 48. Kc3 1/2-1/2

[Event "European Women-ch 2023"]
[Site "Petrovac"]
[Date "2023.03.21"]
[Round "4.19"]
[White "Ivekovic, Tihana"]
[Black "Ovod, Evgenija"]
[Result "1/2-1/2"]
[WhiteElo "2132"]
[BlackElo "2305"]
[Annotator "TA"]
[PlyCount "98"]
[EventDate "2023.03.15"]
[EventType "swiss"]
[EventCountry "MNE"]
[SourceTitle "playchess.com"]
[Source "ChessBase"]
[SourceQuality "1"]

1. d4 d5 2. c4 e6 3. Nf3 Nf6 4. g3 dxc4 5. Bg2 Bd7 6. Ne5 Bc6 7. Nxc6 Nxc6 8. O-O Qd7 9. e3 Rd8 10. Qe2 e5 11. Qxc4 exd4 12. Qb5 Rb8 13. Rd1 a6 14. Qc4 Bd6 15. exd4 O-O 16. Nc3 h6 17. a3 Ne7 18. Bd2 Qf5 19. Rac1 c6 20. Re1 Ned5 21. Nxd5 Nxd5 22. Bxd5 cxd5 23. Qb3 h5 24. h4 Rfe8 25. Re3 Re4 26. Rxe4 dxe4 27. Bb4 Qb5 28. Qc4 Bxb4 29. Qxb5 axb5 30. axb4 Rd8 31. Rc5 Rxd4 32. Rxb5 Rd1+ 33. Kg2 Rd2 34. Kf1 Rxb2 35. Rxb7 g6 36. b5 Kg7 37. Rb6 Kf8 38. Rb7 Ke8 39. Ke1 Kf8 40. Kf1 Kg8 41. Kg1 Rb1+ 42. Kg2 Kf8 43. Kh2 Rb3 44. Kg2 Kg7 45. Rb6 Rf3 46. Rc6 Rb3 47. Rb6 Rb1 48. Kh2 Rb2 49. Kg1 Rb1+ 1/2-1/2

[Event "European Women-ch 2023"]
[Site "Petrovac"]
[Date "2023.03.21"]
[Round "4.19"]
[White "Buchholz, Maja Patricia"]
[Black "Maione, Melissa"]
[Result "0-1"]
[WhiteElo "1883"]
[BlackElo "2028"]
[Annotator "TA"]
[PlyCount "70"]
[EventDate "2023.03.15"]
[EventType "swiss"]
[EventCountry "MNE"]
[SourceTitle "playchess.com"]
[Source "ChessBase"]
[SourceQuality "1"]

1. c4 e5 2. g3 Nf6 3. Bg2 Nc6 4. Nc3 g6 5. Nf3 Bg7 6. d4 d6 7. O-O O-O 8. e4 exd4 9. Nxd4 Nxd4 10. Qxd4 Ng4 11. Qd2 Ne5 12. Qe2 Be6 13. Nd5 Nxc4 14. Qxc4 c6 15. Qb3 Qd7 16. Bf4 cxd5 17. exd5 Bf5 18. Rfe1 Rfe8 19. Rac1 Bd4 20. Qb4 Bc5 21. Qd2 Qb5 22. a3 a5 23. Bf1 Qb6 24. Kg2 h5 25. f3 Bd4 26. b4 Rxe1 27. Rxe1 axb4 28. axb4 Rc8 29. Re2 Bc3 30. Qa2 Qxb4 31. Qa7 Bd3 32. Re7 Bd4 33. Qxb7 Rc2+ 34. Kh3 Bxf1+ 35. Kh4 Bf6# 0-1

[Event "European Women-ch 2023"]
[Site "Petrovac"]
[Date "2023.03.21"]
[Round "4.20"]
[White "Unuk, Laura"]
[Black "Allahverdiyeva, Ayan"]
[Result "1-0"]
[WhiteElo "2297"]
[BlackElo "2124"]
[Annotator "TA"]
[PlyCount "105"]
[EventDate "2023.03.15"]
[EventType "swiss"]
[EventCountry "MNE"]
[SourceTitle "playchess.com"]
[Source "ChessBase"]
[SourceQuality "1"]

1. d4 Nf6 2. c4 e6 3. Nf3 b6 4. g3 Ba6 5. b3 Bb4+ 6. Bd2 Be7 7. Bg2 O-O 8. O-O d5 9. Ne5 Bb7 10. Nc3 Nbd7 11. Bf4 c5 12. cxd5 Nxe5 13. Bxe5 Nxd5 14. Nxd5 Bxd5 15. e4 Bb7 16. d5 exd5 17. exd5 Bd6 18. Bc3 Re8 19. f4 Qd7 20. Qd2 Qf5 21. Rad1 Rad8 22. Rfe1 h5 23. Bb2 Bc8 24. Qc3 Qg6 25. Be4 Qh6 26. Qd3 h4 27. Be5 hxg3 28. Qxg3 Re7 29. Bf3 Bf5 30. Kf2 Bc2 31. Rc1 Bd3 32. Rcd1 c4 33. bxc4 Bxc4 34. Kg2 Bxa2 35. Kh1 Red7 36. Qg2 Bb3 37. Rd4 Re7 38. Qg3 Rde8 39. Rd3 f6 40. Rxb3 fxe5 41. Qg2 exf4 42. Re6 Qh4 43. Rb1 Kf8 44. Rg1 Bc5 45. d6 Rd7 46. Bc6 Bxg1 47. Bxd7 Rxe6 48. Bxe6 Qd8 49. Qg6 Qf6 50. Qxf6+ gxf6 51. Kxg1 a5 52. h4 a4 53. h5 1-0

[Event "European Women-ch 2023"]
[Site "Petrovac"]
[Date "2023.03.21"]
[Round "4.20"]
[White "Bluebaum, Johanna"]
[Black "Ivanovic, Tara"]
[Result "1-0"]
[WhiteElo "1954"]
[BlackElo "1472"]
[Annotator "TA"]
[PlyCount "67"]
[EventDate "2023.03.15"]
[EventType "swiss"]
[EventCountry "MNE"]
[SourceTitle "playchess.com"]
[Source "ChessBase"]
[SourceQuality "1"]

1. d4 Nf6 2. c4 g6 3. Nc3 Bg7 4. Nf3 O-O 5. Bg5 d6 6. e3 c5 7. d5 Na6 8. Bd3 Nc7 9. a4 Bg4 10. h3 Bd7 11. O-O a6 12. a5 Rb8 13. e4 h6 14. Be3 b5 15. axb6 Rxb6 16. Qd2 Kh7 17. e5 Ng8 18. Qc2 Kh8 19. Ne4 Qb8 20. Ra2 Qb7 21. Rb1 Rb8 22. Bf4 Ne8 23. Nc3 Qc7 24. Re1 Qb7 25. Nd1 Rb4 26. e6 fxe6 27. dxe6 Bc6 28. Nh4 Bxb2 29. Nxg6+ Kg7 30. Ne3 Bd4 31. Nf5+ Kf6 32. Nxd4 cxd4 33. Qe2 Qc7 34. Qg4 1-0

[Event "European Women-ch 2023"]
[Site "Petrovac"]
[Date "2023.03.21"]
[Round "4.21"]
[White "Krasteva, Beloslava"]
[Black "Froewis, Annika"]
[Result "1-0"]
[WhiteElo "2292"]
[BlackElo "2123"]
[Annotator "TA"]
[PlyCount "89"]
[EventDate "2023.03.15"]
[EventType "swiss"]
[EventCountry "MNE"]
[SourceTitle "playchess.com"]
[Source "ChessBase"]
[SourceQuality "1"]

1. d4 Nf6 2. c4 e6 3. Nc3 Bb4 4. e3 d5 5. a3 Be7 6. Nf3 O-O 7. b3 b6 8. Bd3 Bb7 9. O-O c5 10. Bb2 Nbd7 11. Qe2 Rc8 12. Rfd1 Qc7 13. Rac1 Qb8 14. Ne5 Rfd8 15. f4 g6 16. cxd5 Nxd5 17. Ne4 cxd4 18. Bxd4 Rxc1 19. Rxc1 Bxa3 20. Ra1 Be7 21. Ng4 Kf8 22. Ng5 Bxg5 23. fxg5 e5 24. Bb2 a5 25. Rf1 Qd6 26. Qf2 Qe6 27. Bc4 b5 28. Bxb5 f5 29. Qh4 Qb6 30. Qxh7 Qe6 31. Nh6 Nb4 32. Qh8+ Ke7 33. Qg7+ Kd6 34. Nf7+ Kc7 35. Nxd8 Kxd8 36. Rd1 Bc6 37. Bc4 Bd5 38. Qh8+ Kc7 39. Bxd5 Nxd5 40. Rc1+ Kb7 41. Qc8+ Kb6 42. Bxe5 Qxe5 43. Qc6+ Ka7 44. Qxd7+ Kb6 45. Rc6+ 1-0

[Event "European Women-ch 2023"]
[Site "Petrovac"]
[Date "2023.03.21"]
[Round "4.21"]
[White "Silva, Ana Ines Teixeira Da"]
[Black "Petrovska, Katerina"]
[Result "1-0"]
[WhiteElo "1792"]
[BlackElo "1907"]
[Annotator "TA"]
[PlyCount "97"]
[EventDate "2023.03.15"]
[EventType "swiss"]
[EventCountry "MNE"]
[SourceTitle "playchess.com"]
[Source "ChessBase"]
[SourceQuality "1"]

1. e4 e5 2. Bc4 Nf6 3. d3 Nc6 4. Nc3 Be7 5. f4 exf4 6. Bxf4 d6 7. Nf3 O-O 8. Qd2 Na5 9. Bb3 Nxb3 10. axb3 c5 11. d4 d5 12. exd5 Nxd5 13. Nxd5 Qxd5 14. O-O-O Bf5 15. Rhe1 Bd6 16. Bxd6 Qxd6 17. dxc5 Qxc5 18. Re5 Qc8 19. Nd4 Bg6 20. h4 Qc7 21. Qe2 h5 22. Nf5 Bxf5 23. Rxf5 g6 24. Re5 Rac8 25. g4 hxg4 26. h5 Qc6 27. hxg6 Qxg6 28. Rh1 f5 29. Re7 Qg5+ 30. Kb1 Rc6 31. Reh7 Qf6 32. Qh2 Rd6 33. Rh8+ Kf7 34. Qh7+ Ke8 35. Rxf8+ Kxf8 36. Qxb7 Qg7 37. Qb8+ Ke7 38. Re1+ Re6 39. Qxa7+ Kf8 40. Qxg7+ Kxg7 41. Rxe6 g3 42. Re1 f4 43. Rg1 Kf6 44. b4 Ke5 45. b5 Ke4 46. b6 f3 47. Re1+ Kd5 48. b7 f2 49. Rd1+ 1-0

[Event "European Women-ch 2023"]
[Site "Petrovac"]
[Date "2023.03.21"]
[Round "4.22"]
[White "Dylag, Emilia"]
[Black "Schulze, Lara"]
[Result "1/2-1/2"]
[WhiteElo "2052"]
[BlackElo "2277"]
[Annotator "TA"]
[PlyCount "100"]
[EventDate "2023.03.15"]
[EventType "swiss"]
[EventCountry "MNE"]
[SourceTitle "playchess.com"]
[Source "ChessBase"]
[SourceQuality "1"]

1. d4 Nf6 2. c4 e6 3. g3 d5 4. Bg2 Bb4+ 5. Nd2 O-O 6. Ngf3 dxc4 7. Qc2 a5 8. O-O b5 9. a3 Bxd2 10. Bxd2 Bb7 11. b3 Be4 12. Qb2 cxb3 13. Qxb3 c6 14. Rac1 Na6 15. Rfd1 b4 16. axb4 Rb8 17. Qa4 Nxb4 18. Rc5 Nd7 19. Rcc1 Rb5 20. Ne1 Bxg2 21. Nxg2 Nb6 22. Qa1 Qd7 23. Be1 f5 24. Rc5 N4d5 25. Rdc1 Rc8 26. Nh4 Qb7 27. Rb1 a4 28. Nf3 Nd7 29. Rcxb5 cxb5 30. Qxa4 bxa4 31. Rxb7 N7b6 32. Ra7 Ra8 33. Rxa8+ Nxa8 34. Ba5 Nab6 35. Bxb6 Nxb6 36. Nd2 Kf7 37. Kf1 Ke7 38. Ke1 Kd6 39. Kd1 Kd5 40. e3 Nd7 41. Kc2 e5 42. dxe5 Nxe5 43. f3 Nc4 44. e4+ fxe4 45. Nxe4 h6 46. Nc3+ Kd4 47. Nxa4 Ke3 48. f4 Kf3 49. Kd3 Ne3 50. Nc5 Ng4 1/2-1/2

[Event "European Women-ch 2023"]
[Site "Petrovac"]
[Date "2023.03.21"]
[Round "4.22"]
[White "Gamal, Alaa"]
[Black "Mashchenko, Tamila"]
[Result "0-1"]
[WhiteElo "1748"]
[BlackElo "1956"]
[Annotator "TA"]
[PlyCount "88"]
[EventDate "2023.03.15"]
[EventType "swiss"]
[EventCountry "MNE"]
[SourceTitle "playchess.com"]
[Source "ChessBase"]
[SourceQuality "1"]

1. d4 Nf6 2. Nf3 g6 3. c4 Bg7 4. Nc3 O-O 5. e4 d6 6. Be2 Nbd7 7. O-O e5 8. d5 Nc5 9. Qc2 a5 10. Bg5 h6 11. Be3 b6 12. Nd2 Bg4 13. Rae1 Bxe2 14. Rxe2 Nh5 15. g3 Qd7 16. Kg2 Kh8 17. f3 Rg8 18. b3 f5 19. a3 Bf6 20. b4 axb4 21. axb4 Na6 22. Rb1 g5 23. exf5 Nf4+ 24. Bxf4 gxf4 25. g4 h5 26. h3 Bh4 27. Kf1 Qh7 28. Kg2 Raf8 29. Nde4 Qxf5 30. Nf2 Qf7 31. Nce4 Rg7 32. Qa4 Nb8 33. Rh1 Nd7 34. Qc6 Bxf2 35. Kxf2 Nf6 36. Ke1 Nxe4 37. Rxe4 Qf6 38. Re2 Qh4+ 39. Kf1 hxg4 40. fxg4 f3 41. Re4 Qg3 42. Rg1 Qxh3+ 43. Kf2 Qh2+ 44. Kf1 f2 0-1

[Event "European Women-ch 2023"]
[Site "Petrovac"]
[Date "2023.03.21"]
[Round "4.23"]
[White "Antolak, Julia"]
[Black "Koridze, Lile"]
[Result "0-1"]
[WhiteElo "2276"]
[BlackElo "2122"]
[Annotator "TA"]
[PlyCount "62"]
[EventDate "2023.03.15"]
[EventType "swiss"]
[EventCountry "MNE"]
[SourceTitle "playchess.com"]
[Source "ChessBase"]
[SourceQuality "1"]

1. e4 c5 2. Nf3 d6 3. c3 Nf6 4. Be2 g6 5. O-O Bg7 6. Bb5+ Bd7 7. Bxd7+ Qxd7 8. Re1 O-O 9. d4 cxd4 10. cxd4 e6 11. Nc3 Nc6 12. b3 Rac8 13. Bb2 Rfd8 14. h3 a6 15. Na4 Qc7 16. d5 exd5 17. exd5 Nb4 18. Rc1 Qa5 19. Bxf6 Bxf6 20. Qd2 Qb5 21. Rxc8 Rxc8 22. Rd1 Rc2 23. Qf4 Qe2 24. Rf1 Nxd5 25. Qg3 b5 26. Re1 Nf4 27. Nb6 Bd4 28. Kh1 Qxf2 29. Re8+ Kg7 30. Qxf2 Bxf2 31. Nd7 Bg3 0-1

[Event "European Women-ch 2023"]
[Site "Petrovac"]
[Date "2023.03.21"]
[Round "4.23"]
[White "Silva, Mariana Sofia T."]
[Black "Huseynova, Lala"]
[Result "0-1"]
[WhiteElo "1920"]
[BlackElo "1694"]
[Annotator "TA"]
[PlyCount "102"]
[EventDate "2023.03.15"]
[EventType "swiss"]
[EventCountry "MNE"]
[SourceTitle "playchess.com"]
[Source "ChessBase"]
[SourceQuality "1"]

1. d4 d5 2. c4 e6 3. Nf3 Nf6 4. g3 Bb4+ 5. Bd2 Be7 6. Bg2 c6 7. O-O b6 8. Qc2 Bb7 9. cxd5 cxd5 10. Ne5 O-O 11. Rc1 Bd6 12. Bf4 Nh5 13. Be3 Qe7 14. Qa4 Nf6 15. Nd2 Rd8 16. Ndf3 Nfd7 17. Nd3 Na6 18. Bf4 f6 19. a3 e5 20. dxe5 fxe5 21. Bg5 Nf6 22. Nh4 e4 23. Nf5 Qf7 24. Nf4 Nc5 25. Qd1 Be5 26. Rab1 a5 27. b4 axb4 28. axb4 Na4 29. Nd4 h6 30. Bxf6 Qxf6 31. e3 Bxd4 32. exd4 g5 33. Nh5 Qf7 34. b5 Rf8 35. Qe2 Rac8 36. Bh3 Nc3 37. Rxc3 Rxc3 38. Bg4 Bc8 39. Bxc8 Rfxc8 40. Rb2 Rf3 41. g4 Qe6 42. h3 Rcf8 43. Kg2 e3 44. Qxf3 Rxf3 45. Kxf3 Qe4+ 46. Kg3 Qxd4 47. Ra2 Qe5+ 48. Kg2 e2 49. Ra8+ Kf7 50. Ra7+ Kf8 51. Ra8+ Ke7 0-1

[Event "European Women-ch 2023"]
[Site "Petrovac"]
[Date "2023.03.21"]
[Round "4.24"]
[White "Sandu, Mihaela"]
[Black "Makropoulou, Marina"]
[Result "1-0"]
[WhiteElo "2211"]
[BlackElo "2102"]
[Annotator "TA"]
[PlyCount "75"]
[EventDate "2023.03.15"]
[EventType "swiss"]
[EventCountry "MNE"]
[SourceTitle "playchess.com"]
[Source "ChessBase"]
[SourceQuality "1"]

1. e4 e5 2. Nf3 Nc6 3. Bb5 a6 4. Ba4 Nf6 5. O-O Be7 6. Re1 d6 7. c3 Bg4 8. d3 Nd7 9. Nbd2 Nc5 10. Bc2 Ne6 11. Nf1 Bg5 12. h3 Bxc1 13. Rxc1 Bxf3 14. Qxf3 Qg5 15. g3 Qh6 16. Kg2 Ng5 17. Qg4 Qf6 18. f4 Ne6 19. f5 h5 20. Qd1 Nf8 21. Ne3 Ne7 22. Ba4+ c6 23. d4 g6 24. Nd5 Nxd5 25. exd5 b5 26. Bc2 gxf5 27. dxe5 dxe5 28. Qf3 Ng6 29. Bxf5 O-O 30. dxc6 Qg5 31. Kh1 e4 32. Bxe4 Rad8 33. Rcd1 Rxd1 34. Rxd1 Qe5 35. Rf1 Qe6 36. Bf5 Qd6 37. Bxg6 Qxg6 38. Qd5 1-0

[Event "European Women-ch 2023"]
[Site "Petrovac"]
[Date "2023.03.21"]
[Round "4.25"]
[White "Valkova, Angelika"]
[Black "Toncheva, Nadya"]
[Result "0-1"]
[WhiteElo "2055"]
[BlackElo "2192"]
[Annotator "TA"]
[PlyCount "166"]
[EventDate "2023.03.15"]
[EventType "swiss"]
[EventCountry "MNE"]
[SourceTitle "playchess.com"]
[Source "ChessBase"]
[SourceQuality "1"]

1. d4 d5 2. c4 dxc4 3. Nf3 Nf6 4. e3 e6 5. Bxc4 c5 6. O-O a6 7. dxc5 Qxd1 8. Rxd1 Bxc5 9. Be2 O-O 10. Nbd2 b6 11. Nb3 Be7 12. Ne5 Bb7 13. f3 a5 14. e4 a4 15. Nd4 Rd8 16. Be3 a3 17. b3 Nfd7 18. Nc4 Ba6 19. Nc2 Bxc4 20. Bxc4 Rc8 21. Nd4 Bc5 22. Kf2 Ne5 23. Bb5 Ra7 24. h3 h6 25. f4 Ng6 26. e5 Rac7 27. Bc4 Rd7 28. Nxe6 Bxe3+ 29. Kxe3 Rxc4 30. bxc4 fxe6 31. Rxd7 Nxd7 32. Rd1 Ngf8 33. Rd3 g5 34. g3 gxf4+ 35. gxf4 Nc5 36. Rxa3 Kf7 37. Ra7+ Ke8 38. Kf3 Ng6 39. Kg4 Ne7 40. a4 Nf5 41. a5 bxa5 42. Rxa5 Ne4 43. Ra7 Nf2+ 44. Kf3 Nd3 45. Ra3 Nc5 46. Ra5 Nb3 47. Ra4 Kd7 48. Rb4 Nbd4+ 49. Ke4 Kc6 50. Rb8 Ne2 51. Rc8+ Kd7 52. Rg8 h5 53. Rg2 Nc3+ 54. Kd3 Na4 55. Rg5 Nc5+ 56. Ke2 h4 57. Kf3 Nd3 58. Rg1 Kc6 59. Rg8 Kc5 60. Re8 Kxc4 61. Kg4 Kd5 62. Kg5 Nc5 63. Kf6 Ne3 64. Rh8 Ng2 65. f5 Ne4+ 66. Ke7 exf5 67. e6 Ke5 68. Re8 Nf4 69. Ra8 Nxe6 70. Ra5+ N6c5 71. Kf7 f4 72. Kg6 f3 73. Kh5 f2 74. Ra1 Nd3 75. Kg4 Ne1 76. Ra5+ Kd4 77. Rf5 Ng2 78. Rf3 Ke5 79. Rf5+ Kd6 80. Rf3 Ke6 81. Rxf2 Nxf2+ 82. Kf3 Nxh3 83. Kg4 Ng5 0-1

[Event "European Women-ch 2023"]
[Site "Petrovac"]
[Date "2023.03.21"]
[Round "4.26"]
[White "Calzetta Ruiz, Monica"]
[Black "Golsta, Ramona"]
[Result "1/2-1/2"]
[WhiteElo "2185"]
[BlackElo "1760"]
[Annotator "TA"]
[PlyCount "110"]
[EventDate "2023.03.15"]
[EventType "swiss"]
[EventCountry "MNE"]
[SourceTitle "playchess.com"]
[Source "ChessBase"]
[SourceQuality "1"]

1. e4 c5 2. Nf3 Nc6 3. Nc3 e5 4. Bc4 Be7 5. d3 d6 6. h4 h6 7. Nd5 Nf6 8. c3 O-O 9. h5 Bg4 10. Ne3 Be6 11. Bd5 Nh7 12. O-O Ng5 13. Nh2 Qd7 14. f4 exf4 15. Rxf4 Bf6 16. Nhg4 Be5 17. Nxe5 dxe5 18. Rf2 Ne7 19. c4 f5 20. exf5 Bxd5 21. cxd5 Nxd5 22. Nxd5 Qxd5 23. Bxg5 hxg5 24. Qg4 Qd8 25. Re1 Qd4 26. Re4 Qxd3 27. Rxe5 Rae8 28. Rxe8 Rxe8 29. Qxg5 Re1+ 30. Kh2 Qd6+ 31. Qf4 Qxf4+ 32. Rxf4 Re2 33. b4 Rxa2 34. bxc5 Rc2 35. Rb4 Rxc5 36. Rxb7 Rxf5 37. g4 Rf7 38. Rb5 a6 39. Ra5 Ra7 40. Kg3 Kh7 41. g5 Ra8 42. Kf4 Rf8+ 43. Kg4 Rf1 44. Rxa6 Rg1+ 45. Kf5 Rf1+ 46. Ke6 Rh1 47. Kf7 Rf1+ 48. Ke7 Rh1 49. Rg6 Re1+ 50. Re6 Rh1 51. Kf7 Rf1+ 52. Ke7 Rh1 53. h6 gxh6 54. Rxh6+ Rxh6 55. gxh6 Kxh6 1/2-1/2

[Event "European Women-ch 2023"]
[Site "Petrovac"]
[Date "2023.03.21"]
[Round "4.27"]
[White "Berke, Ana"]
[Black "Kulon, Klaudia"]
[Result "1/2-1/2"]
[WhiteElo "2107"]
[BlackElo "2290"]
[Annotator "TA"]
[PlyCount "94"]
[EventDate "2023.03.15"]
[EventType "swiss"]
[EventCountry "MNE"]
[SourceTitle "playchess.com"]
[Source "ChessBase"]
[SourceQuality "1"]

1. e4 c5 2. Nf3 Nc6 3. Bb5 g6 4. O-O Bg7 5. c3 Nf6 6. Re1 O-O 7. d4 a6 8. Ba4 b5 9. Bc2 cxd4 10. cxd4 d5 11. e5 Ne4 12. Nc3 Bf5 13. Nxe4 dxe4 14. Bxe4 Bxe4 15. Rxe4 Qd5 16. Re1 Rfd8 17. Be3 Rac8 18. Qb3 Qxb3 19. axb3 Nb4 20. Red1 f6 21. h4 fxe5 22. dxe5 Nc2 23. Rxd8+ Rxd8 24. Rxa6 Nxe3 25. fxe3 Bh6 26. Kf2 Rd3 27. Ng5 Bxg5 28. hxg5 Rd5 29. Kf3 Rxe5 30. Kf4 Rf5+ 31. Kg4 Rf2 32. Rb6 Rxg2+ 33. Kf4 Rf2+ 34. Kg4 Rf5 35. e4 Rc5 36. Kf4 Kf7 37. b4 Rc2 38. Rxb5 Rxb2 39. Ke5 Rb1 40. Kd5 Rd1+ 41. Kc6 Rd4 42. Rb8 Ke6 43. b5 Rc4+ 44. Kb7 Rxe4 45. b6 Kf5 46. Rh8 Kxg5 47. Rxh7 e5 1/2-1/2

[Event "European Women-ch 2023"]
[Site "Petrovac"]
[Date "2023.03.21"]
[Round "4.28"]
[White "Abdinova, Narmin"]
[Black "Eric, Jovana"]
[Result "1/2-1/2"]
[WhiteElo "2090"]
[BlackElo "2230"]
[Annotator "TA"]
[PlyCount "68"]
[EventDate "2023.03.15"]
[EventType "swiss"]
[EventCountry "MNE"]
[SourceTitle "playchess.com"]
[Source "ChessBase"]
[SourceQuality "1"]

1. d4 Nf6 2. c4 e6 3. g3 Bb4+ 4. Bd2 Qe7 5. Bg2 O-O 6. Nf3 Bxd2+ 7. Nfxd2 Nc6 8. e3 e5 9. d5 Nb4 10. O-O a5 11. Nc3 d6 12. a3 Na6 13. b4 Bg4 14. Qb3 Qd7 15. Rac1 Bh3 16. Rfd1 Bxg2 17. Kxg2 Qf5 18. Qb1 Qh5 19. h3 axb4 20. axb4 Nd7 21. g4 Qh6 22. Qf5 Rad8 23. g5 Qh5 24. Nce4 Nxb4 25. Ng3 Qg6 26. Rb1 Na6 27. Rxb7 Ndc5 28. Rbb1 f6 29. Qxg6 hxg6 30. f3 Rb8 31. Nge4 f5 32. Nc3 Kf7 33. Nb5 Rb7 34. Nb3 Nxb3 1/2-1/2

[Event "European Women-ch 2023"]
[Site "Petrovac"]
[Date "2023.03.22"]
[Round "5.1"]
[White "Mammadzada, Gunay"]
[Black "Pogorelskikh, Sofia"]
[Result "1-0"]
[WhiteElo "2472"]
[BlackElo "2102"]
[Annotator "TA"]
[PlyCount "115"]
[EventDate "2023.03.15"]
[EventType "swiss"]
[EventCountry "MNE"]
[SourceTitle "playchess.com"]
[Source "ChessBase"]
[SourceQuality "1"]

1. e4 c5 2. Nf3 Nc6 3. Bb5 g6 4. Bxc6 bxc6 5. d4 cxd4 6. Qxd4 f6 7. c4 d6 8. Be3 Nh6 9. Nc3 c5 10. Qd3 Bg7 11. O-O Nf7 12. Nh4 e6 13. f4 f5 14. Nf3 O-O 15. Rad1 Bb7 16. exf5 exf5 17. Qc2 Re8 18. Bxc5 Qc7 19. Bd4 Qxc4 20. Bxg7 Kxg7 21. Ng5 Nxg5 22. fxg5 Rad8 23. Qf2 Qc5 24. Qd4+ Qxd4+ 25. Rxd4 h6 26. gxh6+ Kxh6 27. Rfd1 Re6 28. Kf2 a5 29. R1d2 Bc6 30. Rc4 Bb7 31. g3 Be4 32. Rdd4 d5 33. Rc5 Rb6 34. b3 Rb4 35. Rd2 d4 36. Rxa5 Rc8 37. Nd5 Bxd5 38. Rxd5 Rc1 39. Ke2 Ra1 40. Kd3 Rb8 41. Rxd4 g5 42. Kc3 Rf8 43. Rf2 Rc1+ 44. Kb2 Rc6 45. h4 gxh4 46. Rxh4+ Kg5 47. Rhf4 Rcf6 48. a4 R8f7 49. Ka3 Rf8 50. a5 Ra8 51. b4 Raa6 52. Ka4 Rae6 53. b5 Re1 54. b6 Rf8 55. b7 Rb1 56. Rb4 Ra1+ 57. Kb5 Re8 58. Ka6 1-0